000 01655nam0a22003371 4500
001 RU\NLR\INFOCOMM_196\5000016693
005 20260406084917.0
035 _a(NLR Aleph) 009052959
090 _a13288084
_c13288084
100 _a20080917d1979 |||y0rusy50 ca
101 1 _ahun
_crus
102 _aUA
105 _aab j 000zy
200 1 _aÁllattan
_etankönyv a középiskolák 6-7. osztálya számára
_fB. J. Bihovszkij, J. V. Kozlova, A. Sz. Moncsadszkij et al.]
_gSzerk. D. U. Naumov. prof.
_g[Az orosz nyelvű (1977. évi) kiadásból ford. Perduk Zoltán]
205 _a3, átdolg. kiad.
210 _aKijev
_aUzsgorod
_cRagyanszka skola
_d1979
215 _a246 с., цв. ил.
_cил., карт.
_d22 см
300 _aВ вып. дан.: Зоология: Учебник для 6-7 кл. сред. школы / Борис Евсеевич Быховский и др.
517 1 _aЗоология
701 1 _aBychovskij
_bB. E.
_f1908-1974
_gBoris Evseevič
701 1 _7ba
_8rus
_aKozlova
_bE. V.
_cд-р биол. наук
_f1892-1975
_gElizaveta Vladimirovna
_3RU\NLR\AUTH\770279553
_92651520
701 1 _6z46790
_aMončadskij
_bA.S.
_f1897-1974
_gAleksandr Samojlovič
790 1 _4070
_8rus
_7ca
_aКозлова
_bЕ. В.
_cд-р биол. наук
_f1892-1975
_gЕлизавета Владимировна
_3RU\NLR\AUTH\7757353
_940285
790 1 _6z46701
_aМончадский
_bА.С.
_f1897-1974
_gАлександр Самойлович
801 1 _aRU
_bNLR
_c20080917
801 0 _aRU
_bNLR
_gPSBO
852 _aNLR
_jЗ01 Д-5/43
942 _cBOOK
980 _aNB